| 000 | 01561nam a2200265 a 4500 | ||
|---|---|---|---|
| 001 | 84438 | ||
| 003 | BD-RjUL | ||
| 005 | 20241204115357.0 | ||
| 008 | 241204s2024 bg a|||| m||| 00| 0 ben d | ||
| 035 | _a(BD-RjUL)84438 | ||
| 040 |
_aBD-RjUL _bben/eng _cBD-RjUL _dBD-RjUL |
||
| 041 | _aben | ||
| 082 |
_a891.44209 _223 _bELA 2024 |
||
| 100 |
_aইলা, ইসমত আরা ভূঁইয়া _914563 |
||
| 245 | 1 | 0 |
_aউত্তরবঙ্গের সত্যপির পাঁচালি / _cগবেষক ইসমত আরা ভূঁইয়া ইলা ; _6গবেষণা তত্ত্বাবধায়ক : শাহরিয়ার হোসেন |
| 246 | _aThe Satyapir Panchali of North Bengal / | ||
| 260 |
_aরাজশাহী : _bনাট্যকলা বিভাগ, রাজশাহী বিশ্ববিদ্যালয়, _c২০২৪ |
||
| 300 |
_aviii, ৪০৩ পাতা : _bচিত্র ; _c২৯ সেমি. |
||
| 502 | _aথিসিস (পিএইচ. ডি.) -- নাট্যকলা বিভাগ, রাজশাহী বিশ্ববিদ্যালয়, ২০২৪ | ||
| 504 | _aগ্রন্থপঞ্জি : পাতা [৩৬১]-৩৬৯ | ||
| 650 |
_aবাংলা নাটক _vইতিহাস ও সমালোচনা _98486 |
||
| 650 |
_aBengali drama _vHistory and Criticism _98487 |
||
| 700 |
_aহোসেন, শাহরিয়ার, গবেষণা তত্ত্বাবধায়ক _91755 |
||
| 942 |
_2ddc _cTHE |
||
| 999 |
_c84438 _d84438 |
||